| 000 | 00434nam a2200181Ia 4500 | ||
|---|---|---|---|
| 003 | GCL | ||
| 008 | 140319s9999 xx 000 0 eng d | ||
| 040 |
_aGCL / _cGCL |
||
| 082 | 0 | 4 |
_a843 _bT M |
| 100 | 1 | _aTROYAT, HENRI | |
| 245 | 1 | 0 |
_aMAUPASSANT / _cTROYAT, HENRI |
| 260 |
_a[S.N] : _bFLAMMARION ، _c1989 |
||
| 300 | _a339 P | ||
| 650 | 0 | 4 | _aLITERATURE |
| 650 | 0 | 4 | _aFRENCH LITERATURE |
| 650 | 0 | 4 | _aBIOGRAPHIES |
| 942 |
_2ddc _cBK |
||
| 999 |
_c25625 _d25625 |
||